El secreto de sonreír = the secret of smiling / (Registro nro. 7788)

Detalles MARC
000 -LIDER
fixed length control field 01028nam a2200301 a 4500
001 - NÚMERO DE CONTROL
Identificador de número de control 000044273
003 - IDENTIFICACDOR DE NÚMERO DE CONTROL
control field DO-SdBNP
005 - DATE AND TIME OF LATEST TRANSACTION
control field 20180402093720.0
007 - CAMPOS FIJOS DE DESCRIPCIÓN FÍSICA
fixed length control field 000044273
008 - ELEMENTOS DE LONGITUD FIJA
fixed length control field 140612 dr a 000 0 spa d
020 ## - ISBN
International Standard Book Number 9789945454437
040 ## - FUENTE DE CATALOGACIÓN
Agencia que crea de manera original el registro BPMET
Idioma de catalogación spa
Agencia que realiza la transcripción BPMET
041 17 - CÓDIGOS DE OBRAS TRADUCIDAS O EN VARIOS IDIOMAS
Código del idioma del texto/archivo de sonido o separata spa
Cód. del idioma original y/o traducciones intermedias del texto eng
092 ## - LOCALLY ASSIGNED DEWEY DECIMAL CALL NUMBER
Número de clasificación xxxx
Número de ítem (Cutter) xxxx
100 1# - ASIENTO PRINCIPAL -- NOMBRE PERSONAL
Nombre personal Balaguer, Elizabeth
240 10 - TITULO UNIFORME
Título uniforme the secret of smiling
Idioma de una obra Español
245 13 - MENCIÓN DE TITULO
Título El secreto de sonreír = the secret of smiling /
Mención de responsabilidad Elizabeth Balaguer ; traducción Paula Féliz & Leslie Watson ; ilustraciones Emma Grullón Balaguer.
246 1# - VARIACION DEL TÍTULO
Título propiamente dicho o título corto the secret of smiling
260 ## - PUBLICACIÓN, DISTRIBUCIÓN, ETC. (PIE DE IMPRENTA)
Lugar de publicación, distribución, etc Santo Domingo :
Nombre del editor, distribuidor, etc. Manatí,
Fecha de publicación, distribución, etc [200?].
300 ## - DESCRIPCIÓN FÍSICA
Extensión 30 p. :
Otros detalles físicos il. ;
Dimensiones 21 cm.
500 ## - NOTA GENERAL
Nota general Incluye datos biográficos de la autora en la solapa de la contracubierta
700 12 - ASIENTO SECUNDARIO -- NOMBRE PERSONAL
Nombre personal Féliz, Paula
Mención de responsabilidad tr.
700 12 - ASIENTO SECUNDARIO -- NOMBRE PERSONAL
Nombre personal Watson, Leslie
Mención de responsabilidad tr.
700 12 - ASIENTO SECUNDARIO -- NOMBRE PERSONAL
Nombre personal Grullón Balaguer, Emma
Mención de responsabilidad il.
942 ## - ADDED ENTRY ELEMENTS (KOHA)
Source of classification or shelving scheme Dewey Decimal Classification
Koha item type Libros
945 ## - INFORMACIÓN DE PROCESAMIENTO LOCAL
Información de procesamiento local Remanejado para la BNPHU / 2018 VM
956 ## - LOCAL ELECTRONIC LOCATION AND ACCESS (OCLC)
Nombre de host VMATEO
Número de acceso 10
Información de compresión 20050505
Inicio de sesión BPMSU
Procesador de solicitud 00151
Existencias
Withdrawn status Lost status Source of classification or shelving scheme Damaged status Not for loan Collection code Home library Current library Date acquired Total Checkouts Barcode Date last seen Price effective from Koha item type
    Dewey Decimal Classification     Colección Infantil Dominicana Biblioteca Pública Metropolitana Salomé Ureña Biblioteca Pública Metropolitana Salomé Ureña 05/05/2015   BPMET15051536 05/05/2015 05/05/2015 Libros